| 000 | 00709cab a2200229 4500 | ||
|---|---|---|---|
| 001 | WB3130-16 | ||
| 008 | 090401t1995 xxu||||| |||| 00| 0 eng d | ||
| 035 | _a(Sirsi) u45907 | ||
| 041 | _aeng | ||
| 245 | _aTraditional skills saving cob cottages | ||
| 260 | _c1995 | ||
| 350 | _a0 | ||
| 490 |
_aTimes _v29 July 1995, 15(2) |
||
| 520 | _aCob building methods are coming back into favour and the skill of earth building and renovation is being relearnt. | ||
| 650 | _aCOB COTTAGES | ||
| 650 | _aDEVON EARTH BUILDING ASSOCIATION | ||
| 650 | _aDEVON HISTORIC BUILDINGS TRUST | ||
| 650 | _aINTERNATIONAL COUNCIL ON MONUMENTS AND SITES | ||
| 690 | _aCONSERVATION | ||
| 942 | _n0 | ||
| 948 | _c04/03/1997 | ||
| 999 |
_c29044 _d29044 |
||